export_success — 

A Manual for Public Procurement of Assistive Products, Accessories, Spare Parts and Related Services.

Bibliographic Details
Format: eBook
Language:English
Published: Geneva : World Health Organization, 2021.
Edition:1st ed.
Subjects:
Online Access:Click to View
LEADER 02939nam a22003253i 4500
001 EBC30681959
003 MiAaPQ
005 20231204023231.0
006 m o d |
007 cr cnu||||||||
008 231204s2021 xx o ||||0 eng d
020 |a 9789240013988  |q (electronic bk.) 
035 |a (MiAaPQ)EBC30681959 
035 |a (Au-PeEL)EBL30681959 
040 |a MiAaPQ  |b eng  |e rda  |e pn  |c MiAaPQ  |d MiAaPQ 
245 1 2 |a A Manual for Public Procurement of Assistive Products, Accessories, Spare Parts and Related Services. 
250 |a 1st ed. 
264 1 |a Geneva :  |b World Health Organization,  |c 2021. 
264 4 |c Ã2021. 
300 |a 1 online resource (68 pages) 
336 |a text  |b txt  |2 rdacontent 
337 |a computer  |b c  |2 rdamedia 
338 |a online resource  |b cr  |2 rdacarrier 
505 0 |a Intro -- Contents -- Acknowledgements -- Executive summary -- 1 Introduction -- 1.1 Background -- 1.2 The scope of this manual -- 1.3 What to procure: assistive products, accessories, spare parts and related services -- 2 Assistive product procurement and supply management -- 2.1 Public and private procurement -- 2.2 Procurement at the tertiary, secondary or primary level -- 2.3 Layers of cost -- 2.4 The procurement management cycle -- 3 Strategic objectives for efficient procurement -- 3.1 Procure appropriate, good quality, affordable assistive products -- 3.2 Select reliable suppliers -- 3.3 Achieve the optimal total cost -- 4 Core principles of procurement -- 4.1 Integrity, fairness and transparency -- 4.2 Competition -- 4.3 Cost efficiency -- 5 Actors in the procurement process -- 5.1 The procurement office -- 5.2 Assistive technology centres -- 5.3 The procurement teams -- 6 The procurement process -- 6.1 Methods of procurement and soliciting bids -- 6.2 Activities of a tender procurement process -- 6.3 Planning the tender -- 6.4 Developing a procurement specification -- 6.5 Accomplishing the tender process -- 6.6 Contract implementation -- 6.7 Contract follow up -- 7 Other means of acquiring assistive products -- 7.1 Local production -- 7.2 Pooled procurement -- 7.3 Donations -- 7.4 Refurbished assistive products -- 8 Conclusion -- References -- Annex 1. Model template for an assistive product specification (APS) -- Annex 2. Example headlines for an assistive product transport contract. 
588 |a Description based on publisher supplied metadata and other sources. 
590 |a Electronic reproduction. Ann Arbor, Michigan : ProQuest Ebook Central, 2023. Available via World Wide Web. Access may be limited to ProQuest Ebook Central affiliated libraries.  
655 4 |a Electronic books. 
776 0 8 |i Print version:  |t A Manual for Public Procurement of Assistive Products, Accessories, Spare Parts and Related Services  |d Geneva : World Health Organization,c2021 
797 2 |a ProQuest (Firm) 
856 4 0 |u https://ebookcentral.proquest.com/lib/matrademy/detail.action?docID=30681959  |z Click to View